Puntos básicos para la acción de los seglares en el mundo (Record no. 114489)

MARC details
000 -LEADER
campo de control de longitud fija 00899nam a22002291 4500
001 - NÚMERO DE CONTROL
campo de control 114489
003 - IDENTIFICADOR DE NÚMERO DE CONTROL
campo de control ES-MaACL
005 - FECHA Y HORA DE LA ÚLTIMA TRANSACCIÓN
campo de control 20250716090843.0
007 - CAMPO FIJO DE DESCRIPCIÓN FÍSICA--INFORMACIÓN GENERAL
campo de control de longitud fija t|
008 - DATOS DE LONGITUD FIJA--INFORMACIÓN GENERAL
campo de control de longitud fija 070302s1967 sp ||||0| spa d
016 7# - NÚMERO DE CONTROL DE UNA AGENCIA BIBLIOGRÁFICA NACIONAL
Número de control cancelado/no válido IND9600754993
040 ## - FUENTE DE CATALOGACIÓN
Centro catalogador/agencia de origen M-BN
Lengua de catalogación spa
Centro/agencia transcriptor CDM
080 ## - NÚMERO DE LA CLASIFICACIÓN DECIMAL UNIVERSAL
Número de la Clasificación Decimal Universal 266.5
111 2# - ENTRADA PRINCIPAL--NOMBRE DE CONGRESO/REUNIÓN
Nombre de congreso/reunión o jurisdicción como elemento de entrada Reunión de Amigos Españoles de la Ciudad Católica (
Número del congreso/reunión o número de parte o sección 5ª.
Fecha del congreso o de la firma del tratado 1966.
Sede del congreso/Lugar de la reunión El Paular, Madrid)
9 (RLIN) 948
245 10 - MENCIÓN DEL TÍTULO
Título Puntos básicos para la acción de los seglares en el mundo
Resto del título : (comunicaciones de la segunda jornada de la V Reunión de los amigos españoles de la Ciudad Católica.-El Paular, 29, 30 y 31 Octubre 1966) /
Mención de responsabilidad, etc. Germán Alvarez de Sotomayor [y otros].
260 ## - PUBLICACIÓN, DISTRIBUCIÓN, ETC.
Lugar de publicación, distribución, etc. Madrid :
Nombre del editor, distribuidor, etc. Speiro,
Fecha de publicación, distribución, etc. 1967.
300 ## - DESCRIPCIÓN FÍSICA
Extensión 73 p. ;
Dimensiones 21 cm.
650 14 - PUNTO DE ACCESO ADICIONAL DE MATERIA--TÉRMINO DE MATERIA
Término de materia o nombre geográfico como elemento de entrada Apostolado seglar
9 (RLIN) 9923
700 1# - ENTRADA AGREGADA--NOMBRE PERSONAL
Nombre de persona Alvarez de Sotomayor, Germán.
9 (RLIN) 20776
852 ## - LOCALIZACIÓN
Ubicación ES-MaACL
Número de control de estantería C-32064
Sublocalización o colección R.62656
Holdings
Estatus retirado Estado de pérdida Estado de daño No para préstamo Biblioteca de origen Biblioteca actual Ubicación en estantería Fecha de adquisición Fuente de adquisición Total de préstamos Signatura topográfica completa Código de barras Visto por última vez Precio de reemplazo Tipo de ítem Koha
        Biblioteca del Ateneo de Madrid Biblioteca del Ateneo de Madrid Depósito 2 17/01/2008     C-32064 1119398 23/02/2023 23/02/2023 Libro impreso